000 00560nam a2200169Ia 4500
003 GCL
008 140319s9999 xx 000 0 ara d
040 _aGCL /
_cGCL
082 0 4 _a780.91
_bخ ت
100 1 _aخيرى ابراهيم الملط
245 1 0 _aتاريخ وتذوق الموسيقى العربية /
_cخيرى ابراهيم الملط
300 _a102 ص
490 _aالهيئة العامة للاستعلامات
_v0
650 0 4 _aالموسيقى
650 0 4 _aالموسيقى العربية - تاريخ ونقد
942 _2ddc
_cBK
999 _c52215
_d52215